El futuro de la Cuba postrevolucionaria / (Record no. 193990)
[ view plain ]
| 000 -LEADER | |
|---|---|
| campo de control de longitud fija | 01876nam a2200301 i 4500 |
| 001 - NÚMERO DE CONTROL | |
| campo de control | 193990 |
| 003 - IDENTIFICADOR DE NÚMERO DE CONTROL | |
| campo de control | SpMaBN |
| 005 - FECHA Y HORA DE LA ÚLTIMA TRANSACCIÓN | |
| campo de control | 20250518063241.0 |
| 008 - DATOS DE LONGITUD FIJA--INFORMACIÓN GENERAL | |
| campo de control de longitud fija | 240209s2023 sp | |||| 000 spa |
| 015 ## - NÚMERO DE BIBLIOGRAFÍA NACIONAL | |
| Número de bibliografía nacional | MON23 |
| 017 ## - NÚMERO DE COPYRIGHT O DE DEPÓSITO LEGAL | |
| Número de copyright o de depósito legal | M 28726-2023 |
| Agencia que asigna | Oficina Depósito Legal Madrid |
| 020 ## - NÚMERO INTERNACIONAL ESTÁNDAR DEL LIBRO | |
| Número Internacional Estándar del Libro | 9788430989188 |
| 040 ## - FUENTE DE CATALOGACIÓN | |
| Centro catalogador/agencia de origen | SpMaBN |
| Lengua de catalogación | spa |
| Centro/agencia transcriptor | SpMaBN |
| Normas de descripción | rda |
| 245 ## - MENCIÓN DEL TÍTULO | |
| Título | El futuro de la Cuba postrevolucionaria / |
| Mención de responsabilidad, etc. | Susanne Gratius, Matías Mongan (coordinadores). |
| 260 ## - PUBLICACIÓN, DISTRIBUCIÓN, ETC. | |
| Lugar de publicación, distribución, etc. | Madrid : |
| Nombre del editor, distribuidor, etc. | Editorial Tecnos, |
| Fecha de publicación, distribución, etc. | 2023 |
| 300 ## - DESCRIPCIÓN FÍSICA | |
| Extensión | 343 pág. ; |
| Dimensiones | 23 cm |
| 336 ## - TIPO DE CONTENIDO | |
| Término de tipo de contenido | Texto |
| Fuente | rdacontent |
| 337 ## - TIPO DE MEDIO | |
| Nombre/término del tipo de medio | sin mediación |
| Fuente | rdamedia |
| 338 ## - TIPO DE SOPORTE | |
| Nombre/término del tipo de soporte | volumen |
| Fuente | rdacarrier |
| 520 ## - RESUMEN, ETC. | |
| Sumario, etc. | Desde 2018, cuándo Miguel Díaz-Canel asumió la presidencia para sustituir a Raúl Castro, Cuba ha entrado en la postrevolución. El cambio generacional y el fin del Castrismo marca un antes y despues en la Isla. Las protestas ciudadanas del 11 de julio de 2021 señalaron una creciente "latinoamericanización" de Cuba y el fin de los logros sociales de la Revolución que está entrando en su última fase. No obstante, la transición democrática sigue bloqueada, entre otros por el longevo embargo de EE.UU. Este libro, escrito por un grupo de autores y autoras de Europa y Cuba, analiza, desde un enfoque multidisciplinar, la situación política, económica, social e internacional de la Isla para desarrollar y discutir diferentes escenarios de futuro. |
| 651 #4 - PUNTO DE ACCESO ADICIONAL DE MATERIA--NOMBRE GEOGRÁFICO | |
| 9 (RLIN) | 8094 |
| Nombre geográfico | Cuba- |
| Subdivisión general | Historia |
| 852 ## - LOCALIZACIÓN | |
| Ubicación | ES-MaACL |
| Sublocalización o colección | R.155009 |
| Ubicación en estantería | Depósito J |
| Número de control de estantería | N-9790 |
| Encuadernación | Encuadernación rústica con solapas |
| Donativo/Legado | Donación: Editorial |
| itemnumber | 205562 |
| 942 ## - ELEMENTOS DE ENTRADA SECUNDARIOS (KOHA) | |
| Tipo de ítem Koha | Libro impreso |
| Suprimir en OPAC | No |
| Estatus retirado | Estado de pérdida | Fuente del sistema de clasificación o colocación | Estado de daño | No para préstamo | Biblioteca de origen | Biblioteca actual | Ubicación en estantería | Fecha de adquisición | Fuente de adquisición | Total de préstamos | Signatura topográfica completa | Código de barras | Visto por última vez | Precio de reemplazo | Tipo de ítem Koha |
|---|---|---|---|---|---|---|---|---|---|---|---|---|---|---|---|
| Clasificación decimal universal | Biblioteca del Ateneo de Madrid | Biblioteca del Ateneo de Madrid | Depósito J | 16/05/2025 | Donación | N-9790 | 101230099 | 16/05/2025 | 16/05/2025 | Libro impreso |
